Loading...

The science of genitics

Bibliographic Details
Main Author: Linker, Auerbach, G
Language:English
LEADER 00206nam a2200085Ia 4500
008 210227s9999||||xx |||||||||||||| ||eng||
100 |a Linker, Auerbach, G 
245 4 |a The science of genitics 
942 |c BK 
999 |c 357286  |d 357286